000 00552nam a22001817a 4500
005 20251108175340.0
008 250721s2015 xx 000 0 ara d
082 1 4 _a811.1009/ حسي
100 1 _aعمر، احمد
_eمقدم
245 1 0 _aطه حسين في الشعر الجاهلي /
264 1 _aعمان :
_bالاهلية للنشر والتوزيع،
_c2015.
300 _a174ص.
650 1 7 _aالشعر العربي
650 1 7 _aالعصر الجاهلي
650 1 7 _aالنقد الادبي
942 _2ddc
_cBK
999 _c132022
_d132022